00464nam a2200169 450000100060000000300090000600500170001500800410003202000150007304000380008808200160012610000200014224500340016226000410019630000400023765000170027710812BD-DhUAP20200303154812.0200303s2006 ii a|||| |||| 00| 0 eng d a8179251349 aBD-DhUAPbEngcBD-DhUAPdBD-DhUAP 223a742 MUL aMulick, Milind. aPerspective /cMilind Mulick. aPune : bJyotsna Prakashan, cc2006. a80 pages :billustrations ;c28 cm. aPerspective.